000 00448nam a2200121Ia 4500
008 170221s9999 xx 000 0 und d
245 4 _aThe Impact of Technology Orientation and Customer Orientation on Firm Performance: Evidence from Chinese Firms
260 _bInternational Journal of Management and Marketing Reseach
260 _c2016
300 _a9 : 1
650 _xMarketing.
856 _uhttp://www.theibfr.com/ARCHIVE/IJMMR-V9N1-2016.pdf
999 _c308539
_d308539